| 000 | 00953nas a2200325 4500 | ||
|---|---|---|---|
| 001 | BR2015000820 | ||
| 003 | BR-BrBNA | ||
| 005 | 20231205125014.0 | ||
| 007 | ta | ||
| 008 | 230509b bl.|||p| |||| 00| 00por d | ||
| 040 |
_aBR-BrBNA _bpor _cBiblioteca Nacional de Agricultura |
||
| 041 | _a(Pt) | ||
| 072 | _aF04 | ||
| 100 | 1 | _aRosa, A.M. | |
| 100 | 1 | _aPescador, R. | |
| 100 | 1 | _aSilva, A.L. da | |
| 100 | 1 | _aBrighenti, A.F. | |
| 100 | 1 | _aBrunetto, G. | |
| 245 | 1 | _aFertilidade e reservas de carbono e nitrogênio em gemas de ramos das viníferas "Cabernet Sauvignon" e "Nebbiolo" | |
| 650 | _aVINHO | ||
| 650 | _aVARIEDADE | ||
| 650 | _aGEMA | ||
| 650 | _aRAMO | ||
| 650 | _aCARBONO | ||
| 650 | _aNITROGÊNIO | ||
| 650 | _aFERTILIZANTE | ||
| 773 | 0 |
_tRevista Brasileira de Fruticultura (Brazil) _xISSN 0100-2945 _g(Sep 2014), v. 36(3) p. 576-585 _wBR2015000820 |
|
| 909 |
_a202311 _bLúcia _c55 _dLúcia Elande |
||
| 942 |
_2AGRIS _n0 _cANA |
||
| 999 |
_c242094 _d242094 |
||